DESIGN AND ANALYSIS OF ALGORITHMS (Record no. 216996)

MARC details
000 -LEADER
fixed length control field 00505nam a22001697a 4500
008 - FIXED-LENGTH DATA ELEMENTS--GENERAL INFORMATION
fixed length control field 260417b |||||||| |||| 00| 0 eng d
020 ## - INTERNATIONAL STANDARD BOOK NUMBER
International Standard Book Number 978-81-203-4806-6
050 ## - LIBRARY OF CONGRESS CALL NUMBER
Classification number QA 76.9 .A43 K33 2013
100 ## - MAIN ENTRY--PERSONAL NAME
Personal name KABAT,MANAS RANJAN
245 ## - TITLE STATEMENT
Title DESIGN AND ANALYSIS OF ALGORITHMS
260 ## - PUBLICATION, DISTRIBUTION, ETC.
Place of publication, distribution, etc. DELHI
Name of publisher, distributor, etc. PHI LEARNING PRIVATE LIMITED
Date of publication, distribution, etc. 2013
300 ## - PHYSICAL DESCRIPTION
Extent xi,336p .ILL
500 ## - GENERAL NOTE
General note INCLUDES BIBLIOGRAPHICAL REFERENCES AND INDEX
650 ## - SUBJECT ADDED ENTRY
Topical term or geographic name entry element COMPUTER ALGORITHMS
942 ## - ADDED ENTRY ELEMENTS (KOHA)
Source of classification or shelving scheme Library of Congress Classification
Koha item type Long Loan Book
Holdings
Withdrawn status Lost status Source of classification or shelving scheme Damaged status Not for loan Collection Home library Current library Shelving location Date acquired Inventory number Total checkouts Barcode Date last seen Copy number Price effective from Koha item type
    Library of Congress Classification     Science & Technology Kisii University Library Kisii University Library On Display 04/17/2026 113028   a001747 04/17/2026 1 04/17/2026 Long Loan Book
    Library of Congress Classification     Science & Technology Kisii University Library Kisii University Library On Display 04/17/2026 113029   a001758 04/17/2026 2 04/17/2026 Long Loan Book
    Library of Congress Classification     Science & Technology Kisii University Library Kisii University Library On Display 04/17/2026 113030   a001748 04/17/2026 3 04/17/2026 Long Loan Book
    Library of Congress Classification     Science & Technology Kisii University Library Kisii University Library On Display 04/17/2026 113031   a001756 04/17/2026 1 04/17/2026 Long Loan Book